All carry : (Record no. 1956)

MARC details
000 -LEADER
fixed length control field 02956cam a22004698i 4500
001 - CONTROL NUMBER
control field 1956
003 - CONTROL NUMBER IDENTIFIER
control field OCoLC
005 - DATE AND TIME OF LATEST TRANSACTION
control field 20260413162019.0
007 - PHYSICAL DESCRIPTION FIXED FIELD--GENERAL INFORMATION
fixed length control field ta
008 - FIXED-LENGTH DATA ELEMENTS--GENERAL INFORMATION
fixed length control field 250724s2026 nyu e 000 1 eng
010 ## - LIBRARY OF CONGRESS CONTROL NUMBER
LC control number 2025030110
040 ## - CATALOGING SOURCE
Original cataloging agency DLC
Language of cataloging eng
Description conventions rda
Transcribing agency DLC
Modifying agency CNWPU
-- OCLCO
-- CHILD
-- OCLCO
-- ZPX
-- IG#
-- RNL
-- ZGR
-- OCLCO
-- VPW
020 ## - INTERNATIONAL STANDARD BOOK NUMBER
International Standard Book Number 9798217085828
Qualifying information (hardcover)
Terms of availability $30.00
035 ## - SYSTEM CONTROL NUMBER
System control number (OCoLC)1565410781
042 ## - AUTHENTICATION CODE
Authentication code pcc
050 00 - LIBRARY OF CONGRESS CALL NUMBER
Classification number PS3623.O53
Item number A66 2026
082 14 - DEWEY DECIMAL CLASSIFICATION NUMBER
Classification number [Fic]
Edition information 23
082 04 - DEWEY DECIMAL CLASSIFICATION NUMBER
Classification number 813/.6
Edition information 23/eng/20260401
092 ## - LOCALLY ASSIGNED DEWEY CALL NUMBER (OCLC)
Classification number Fic
Item number Wojciechowski
049 ## - LOCAL HOLDINGS (OCLC)
Holding library VPW1
100 1# - MAIN ENTRY--PERSONAL NAME
Personal name Wojciechowski, Gene,
Relator term author.
Relationship aut
-- http://id.loc.gov/vocabulary/relators/aut
Real World Object URI https://id.oclc.org/worldcat/entity/E39PCjM8vCHRYw8kfVtY3KYy7d
-- http://id.loc.gov/rwo/agents/n90627348
245 10 - TITLE STATEMENT
Title All carry :
Remainder of title a novel /
Statement of responsibility, etc. Gene Wojciechowski.
250 ## - EDITION STATEMENT
Edition statement First edition.
263 ## - PROJECTED PUBLICATION DATE
Projected publication date 2603
264 #1 - PRODUCTION, PUBLICATION, DISTRIBUTION, MANUFACTURE, AND COPYRIGHT NOTICE
Place of production, publication, distribution, manufacture New York :
Name of producer, publisher, distributor, manufacturer Crown,
Date of production, publication, distribution, manufacture, or copyright notice [2026]
300 ## - PHYSICAL DESCRIPTION
Extent 421 pages ;
Dimensions 24 cm
334 ## - MODE OF ISSUANCE
Mode of issuance term single unit
Mode of issuance code mono
Authority record control number or standard number http://id.loc.gov/vocabulary/issuance/mono
336 ## - CONTENT TYPE
Content type term text
Content type code txt
Source rdacontent
Authority record control number or standard number http://id.loc.gov/vocabulary/contentTypes/txt
337 ## - MEDIA TYPE
Media type term unmediated
Media type code n
Source rdamedia
Authority record control number or standard number http://id.loc.gov/vocabulary/mediaTypes/n
338 ## - CARRIER TYPE
Carrier type term volume
Carrier type code nc
Source rdacarrier
Authority record control number or standard number http://id.loc.gov/vocabulary/carriers/nc
520 ## - SUMMARY, ETC.
Summary, etc. "After the discovery of some old golf clubs at a garage sale, a down-on-his luck reporter discovers they suddenly make him hit perfectly. With the help of disgraced caddy, he competes at the Masters"-- Provided by publisher.
520 ## - SUMMARY, ETC.
Summary, etc. Joe is a golf reporter. He's missed more Father's Days than he cares to count because that's when he has to cover the US Open. But his son Buddy has counted every single one. Joe and Buddy's relationship is fractured at best. Then one day at a garage sale Buddy finds a woefully obsolete set of golf clubs that supposedly belonged to Jack Nicklaus and decides to give them to his father as an olive branch. When Joe takes the clubs out on a whim, he discovers something he's hitting 400 yards. No one hits the ball that far, not Tiger, not Nicklaus. Max "Hard Way" Mitchell knows golf perhaps better than anyone. He used to be one of the best caddies on the PGA Tour. But he was run out of town after sleeping with a golf pro's wife. Now he's the owner of a run-down driving range, his glory days slipping away. When Joe's golf channel has a round of layoffs and he is laid-off, and Hardway realizes that with this magical set of golf clubs Joe is better than anyone on the tour, he convinces Joe to do the seemingly impossible--win the Masters as an amateur. And to do this they'll need each other.
650 #0 - SUBJECT ADDED ENTRY--TOPICAL TERM
Topical term or geographic name entry element Caddies
Form subdivision Fiction.
650 #0 - SUBJECT ADDED ENTRY--TOPICAL TERM
Topical term or geographic name entry element Fathers and sons
Form subdivision Fiction.
650 #0 - SUBJECT ADDED ENTRY--TOPICAL TERM
Topical term or geographic name entry element Golf
Form subdivision Fiction.
650 #0 - SUBJECT ADDED ENTRY--TOPICAL TERM
Topical term or geographic name entry element Golfers
Form subdivision Fiction.
655 #7 - INDEX TERM--GENRE/FORM
Genre/form data or focus term Sports fiction.
Source of term lcgft
655 #7 - INDEX TERM--GENRE/FORM
Genre/form data or focus term Domestic fiction.
Source of term lcgft
655 #7 - INDEX TERM--GENRE/FORM
Genre/form data or focus term Novels.
Source of term lcgft
655 #7 - INDEX TERM--GENRE/FORM
Genre/form data or focus term Fiction.
Source of term lcgft
910 ## - USER-OPTION DATA (OCLC)
User-option data n26/4 cr

No items available.